000 00265nam a22001097a 4500
008 190129b xxu||||| |||| 00| 0 eng d
020 _a9780781763226
082 _210 th
_a616.31
245 _aDentaln Hygienist
_bWilkins M. Esther
300 _a1
942 _2ddc
_cVM
999 _c53859
_d53859